| 000 | 01750nam a22002537a 4500 | ||
|---|---|---|---|
| 999 |
_c22116 _d22116 |
||
| 003 | AR-CdUCM | ||
| 008 | 190429b ||||| |||| 00| 0 spa d | ||
| 040 |
_aMUNICIPALIDAD PROVINCIAL DEL CUSCO _cBIBLIOTECA MUNICIPAL DEL CUSCO |
||
| 082 | _aCuzco/N°4/1942 | ||
| 245 |
_aRevista Cuzco : _bpublicación mensual / _cÁngel G. Appiani S. director y fundador |
||
| 260 |
_aCuzco : _bH.G. Rozas, _c1942. |
||
| 300 |
_a40 páginas. : _bilustraciones ; _c34 cm. |
||
| 440 |
_aCuzco revista mensual. _nAño II, N°4, octubre, noviembre 1942. _947474 |
||
| 505 | _aContenido: Homenaje de la docencia universitaria. -- Carta a Ángel Appiani muerto a la hora del alba. Luis Nieto. -- Piedras blancas los amigos de Ángel Appiani. -- Sociología peruana los peores enemigos de los incas. John H. Rowe. -- Arqueología nacional las canteras de Cachi ccata. Antonio Astete Abrill. -- Ensayos folkloricos juegos infantiles del Chinchaysuyo Chawi Chuncay. -- Problemas sociales de América el desarrollo de una comunidad indígena. Federico Ponce de León.-- Los grandes novelistas de América el mundo es ancho y ajeno de Ciro Alegría. José Gabriel Cosio. -- En la region del Madre de Dios cuadro lacerante del más terrible ascetismo. -- Los Amaru mayos del río mar de Amazonas. -- Temas de nuestro tiempo la prensa en la batalla por la cultura. Julio G. Gutiérrez. -- La medicina aborigen del antiguo Perú. -- Párrafos de Víctor Hugo. | ||
| 650 |
_aHistoria del Cusco _91714 |
||
| 650 |
_aLiteratura cusqueña _947467 |
||
| 650 |
_aPoesía cusqueña _92323 |
||
| 650 |
_aSiglo XX _947468 |
||
| 700 |
_aRowe, John H _931394 |
||
| 700 |
_aAstete Abrill, Antonio _932447 |
||
| 700 |
_aPonce de León, Federico _945883 |
||
| 942 |
_2ddc _cPP |
||
| 945 | _arac | ||